Textbook of Biochemistry with clinical correlation (Record no. 24794)

MARC details
000 -LEADER
fixed length control field 00358nam a22001577a 4500
003 - CONTROL NUMBER IDENTIFIER
control field SGT
020 ## - INTERNATIONAL STANDARD BOOK NUMBER
International Standard Book Number 9789354641558
082 ## - DEWEY DECIMAL CLASSIFICATION NUMBER
Classification number 612.015
Item number T22D
100 ## - MAIN ENTRY--PERSONAL NAME
Personal name Devlin, Thomas M.
245 ## - TITLE STATEMENT
Title Textbook of Biochemistry with clinical correlation
250 ## - EDITION STATEMENT
Edition statement 7th
260 ## - PUBLICATION, DISTRIBUTION, ETC. (IMPRINT)
Name of publisher, distributor, etc Wiley
Year of Publication 2022
300 ## - PAGE DESCRIPTION
No. of Pages 1205
650 ## - SUBJECT ADDED ENTRY--TOPICAL TERM
Topical term or geographic name as entry element Biochemistry
942 ## - ADDED ENTRY ELEMENTS (KOHA)
Source of classification or shelving scheme Dewey Decimal Classification
Koha item type Books
Holdings
Withdrawn status Lost status Source of classification or shelving scheme Damaged status Not for loan Home library Current library Shelving location Date acquired Vendor Name SGTU Bill Number Full call number Accession No. (Barcode) Date last seen Bill Date Koha item type
    Dewey Decimal Classification     SGT Dental Library SGT Dental Library Reference Book 19/08/2023 Ahuja Book Co. Pvt. Ltd. SGTU 16974 612.015 T22D FD9105 19/08/2023 28/06/2023 Books